000 01414nam0a2200325 4500
001 RU\NLR\bibl\573273
005 20250610133517.0
010 _a5-7030-0909-Х
_93000
021 _aRU
_b2004-60651
_92984
035 _a(NLR Aleph) 000565326
090 _a1558373
_c1558373
100 _a20041111d2004 |||y0rusy50 ca
101 0 _arus
102 _aRU
105 _aach |||||||||
200 1 _aАртур Чилингаров
_e[Кн.-фотолетопись о выдающемся рос. поляр. исследователе, ученом-географе, вид. гос. деят. России А.Н. Чилингарове
_fВ.Н. Лизун]
210 _aМ.
_cПатриот
_d2004
215 _a241, [14] с.
_cил., цв. ил., портр., факс.
_d30
225 1 _aОтчизны верные сыны
300 _aАвт. указан на 2-й с.
300 _aВерным сынам Отечества посвящается
600 1 _aЧилингаров
_bА. Н.
_f1939-
_gАртур Николаевич
_2psbo
600 1 _aЧилингаров
_bА.Н.
_f1939
_gАртур Николаевич
_92352511
_3RU\NLR\auth\661405373
686 _aД890(88)д(2)Чилингаров
700 1 _aЛизун
_bВ. Н.
_gВладимир Николаевич
_4070
801 0 _aRU
_bNLR
_c20041111
_gPSBO
801 1 _aRU
_bNLR
_c20041111
942 _cBOOK
980 _aNB